[Event "Buga School A"]
[Site "Buga"]
[Date "2010.07.24"]
[Round "4.2"]
[White "Salazar, Jose Alejandro"]
[Black "Villamil, Nahum Jose"]
[Result "0-1"]
[WhiteElo "1631"]
[BlackElo "1760"]
[PlyCount "72"]
[EventDate "2010.07.23"]
[EventType "swiss (rapid)"]
[EventRounds "5"]
[EventCountry "COL"]
[SourceTitle "EXT 2024"]
[Source "ChessBase"]
[SourceDate "2023.10.10"]
[SourceVersion "1"]
[SourceVersionDate "2023.10.10"]
[SourceQuality "1"]

1. e4 c5 2. d3 Nc6 3. Be3 d6 4. Nd2 g6 5. Ngf3 Bg7 6. Be2 Bxb2 7. Rb1 Bg7 8. 0-0 e5 9. c4 Nge7 10. Qc2 0-0 11. Rfc1 f5 12. Bg5 h6 13. Bxe7 Qxe7 14. Nf1 f4 15. h3 Nd4 16. Nxd4 cxd4 17. Nh2 b6 18. Bf3 Bd7 19. Qe2 Rab8 20. Bg4 h5 21. Bxd7 Qxd7 22. Rf1 b5 23. cxb5 Rxb5 24. Rxb5 Qxb5 25. g3 fxg3 26. fxg3 Rxf1+ 27. Nxf1 d5 28. Nd2 Bh6 29. Kh2 Qb2 30. exd5 Qxd2 31. Qxd2 Bxd2 32. d6 Ba5 33. g4 Kf7 34. gxh5 gxh5 35. Kg3 Kg6 36. Kh4 Be1# 0-1